| 000 | 00559nam a2200205 4500 | ||
|---|---|---|---|
| 001 | 123812 | ||
| 003 | ES-MaACL | ||
| 005 | 20250911062653.0 | ||
| 007 | t| | ||
| 008 | 070214s1951 sp r ||||1| spa d | ||
| 100 | 0 |
_aQuiroga, Elena, _d1921-1995 _994768 |
|
| 245 | 1 | 0 |
_aViento del norte / _cElena Quiroga. |
| 250 | _a1ª. ed. | ||
| 260 |
_aBarcelona : _bDestino, _c1951. |
||
| 300 |
_a365 p. ; _c19 cm. |
||
| 490 | 1 |
_aAncora y delfín ; _v58 |
|
| 830 | 0 | 0 |
_aÁncora y Delfín _v58 _9151298 |
| 852 |
_aES-MaACL _jD-5506 _bR.31018 |
||
| 999 |
_c123812 _d123812 |
||